000 00705nam a2200241Ia 4500
003 OSt
005 20220918221200.0
006 a|||||r|||| 00| 0
007 ta
008 220917b |||||||| |||| 00| 0 eng d
024 _a148,641
037 _cTextual
040 _aARTS
_cARTS
_beng
041 _2eng
_aeng
082 _aTt6133:N62, K3 (906)
110 _aSouthern Rhodesia, Education (Commission), 1962
_9139463
245 0 _aSouthern Rhodesia, Education Commission, 1962
_b Report
260 _c1963
650 _aEDUCATION
700 _aSouthern Rhodesia, Education (Commission), 1962
_9139464
942 _hTt6133:N62, K3 (906)
_cTEXL
_2CC
999 _c271318
_d271318